000 00878nam a2200229 a 4500
001 84797
003 BD-RjUL
005 20250410111240.0
008 250410s2000 ii ||||| |||| 00| 0 eng d
035 _a(BD-RjUL)84797
040 _aBD-RjUL
_beng
_cBD-RjUL
041 _aben
082 _223
_a781.62
_bCHR 2000
100 _aচৌধুরী, প্রিয়ব্রত
_915221
245 _aরবীন্দ্র সংগীত :
_bলোকগীতি,কীর্তন ও উচ্চাঙ্গ সংগীতের প্রভাব /
_cপ্রিয়ব্রত চৌধুরী
250 _a২য় সং.
260 _aকলিকাতা :
_bজেনারেল বুকস,
_c২০০০
300 _a২০৪ পৃ.;
_c২২ সেমি.
650 _aলোকসঙ্গীত
650 _aFolk music
942 _2ddc
_cBK
999 _c84797
_d84797